000 00491nam a2200181Ia 4500
001 16285
005 20260306170258.0
008 260306t2019||||xx |||||||||||||| ||und||
041 _aESP
082 _a347.51L
_bM49 T. 1
100 _aMeza Torres, Yelena
_eAUT
245 0 _aComentarios a la ley general de sociedades:
_bcomentada por los 36 mejores especialistas
260 _c2019
300 _a908 páginas :
_c25 cm.
650 _aGEN
654 _aCDE
942 _cLIB
_dJUS
_fJUS
_2ddc
_n
999 _c16285
_d16285